| 000 | 00743nam a2200277 a 4500 | ||
|---|---|---|---|
| 001 | 000114275 | ||
| 003 | CHAP | ||
| 005 | 20220329144434.0 | ||
| 008 | 171205s1965 ch |r| ||||||spa d | ||
| 010 | _a110736 | ||
| 011 | _a111708 | ||
| 020 | _a7119014676 | ||
| 040 | _cCHAP | ||
| 082 |
_a335.42 _bM39 |
||
| 100 | 1 |
_aMarx, Carlos _9134105 |
|
| 245 | 1 | 0 |
_aManifiesto del partido comunista / _cpor Carlos Marx y Federico Engels. |
| 260 |
_aBeijing, China : _bEdiciones en Lenguas Extranjeras, _c1965. |
||
| 300 | _a89 p. | ||
| 590 |
_aE5765TAJ _b05 _c20171205 _lUCH01 _h0906 |
||
| 650 | 1 | 4 |
_aComunismo. _926257 |
| 650 | 1 | 4 |
_aSocialismo. _9108040 |
| 700 | 1 |
_aEngels, Federico _9134106 |
|
| 901 | _aBK | ||
| 942 | _cLIBRO | ||
| 942 | _n0 | ||
| 999 |
_c110736 _d110736 |
||